futbolistas franceses en el Barça - Statistiques

Statistiques générales
  • Ce quiz a été pris 45 fois
  • Le résultat moyen est 10 sur 19
Statistiques - réponses
Hint Réponse % Correct
2022 - Hoy Koundé
93%
2017 - 2023 Dembélé
88%
2016 - 2022 Umtiti
86%
2007 - 2010 Henry
83%
2019 - 2021 Griezmann
79%
2018 - 2024 Lenglet
71%
2014 - 2017 Mathieu
69%
2016 - 2018 Digne
64%
2007 - 2013 Abidal
55%
2004 - 2007 Giuly
48%
1997 - 1997 Dugarry
40%
2000 - 2001 Petit
40%
1996 - 1997 Blanc
36%
2019 - 2020 Todibo
36%
2006 - 2008 Thuram
33%
2001 - 2003 Christanval
10%
1999 - 2000 Déhu
10%
1965 - 1968 Muller
10%
2000 - 2002 Dutruel
5%
Aucun quiz correspondant
Distribution des résultats
% des personnes avec chaque résultat
Percentile par nombre de réponses
Votre historique - résultats
Vous n’avez pas pris ce quiz